[Event "Pinneberg-ch"]
[Site "Pinneberg"]
[Date "2015.09.17"]
[Round "4"]
[White "Ridder Moeller, Carmen"]
[Black "Sachse, Theo"]
[Result "0-1"]
[WhiteElo "1134"]
[BlackElo "1165"]
[PlyCount "58"]
[EventDate "2015.08.28"]
[EventType "swiss"]
[EventRounds "7"]
[EventCountry "GER"]
[SourceTitle "EXT 2017"]
[Source "ChessBase"]
[SourceDate "2016.10.25"]
[SourceVersion "1"]
[SourceVersionDate "2016.10.25"]
[SourceQuality "1"]

1. d4 d5 2. Nf3 Nf6 3. e3 e6 4. Bd3 Nc6 5. c3 Bd6 6. Nbd2 e5 7. e4 0-0 8. 0-0 dxe4 9. Nxe4 Bg4 10. Bg5 exd4 11. Bxf6 gxf6 12. h3 Bxf3 13. Qxf3 Ne5 14. Nxf6+ Kh8 15. Qe4 Ng6 16. Qh4 Nxh4 17. Nxh7 Ng6 18. Nxf8 Qxf8 19. cxd4 Nf4 20. Bc4 Qg7 21. g3 Nxh3+ 22. Kg2 Ng5 23. f4 Ne4 24. Rg1 Qxd4 25. Bxf7 Kg7 26. Bh5 Rh8 27. g4 Bxf4 28. Kh3 Qe3+ 29. Kg2 Qf2+ 0-1

[Event "Pinneberg-ch"]
[Site "Pinneberg"]
[Date "2014.??.??"]
[Round "1"]
[White "Brueckner, Gerhard"]
[Black "Ridder Moeller, Carmen"]
[Result "1-0"]
[WhiteElo "1722"]
[BlackElo "1133"]
[PlyCount "49"]
[EventDate "2014.08.21"]
[EventType "swiss"]
[EventRounds "7"]
[EventCountry "GER"]
[SourceTitle "EXT 2017"]
[Source "ChessBase"]
[SourceDate "2016.10.25"]
[SourceVersion "1"]
[SourceVersionDate "2016.10.25"]
[SourceQuality "1"]

1. e4 e5 2. Bc4 Nf6 3. Nf3 Nc6 4. Ng5 Qe7 5. Bxf7+ Kd8 6. Bb3 Ke8 7. Nf3 Nxe4 8. 0-0 d6 9. d4 Na5 10. dxe5 Nxb3 11. exd6 cxd6 12. axb3 Bf5 13. Nc3 Kd7 14. Qd5 Rb8 15. Qxf5+ Qe6 16. Qb5+ Kd8 17. Nxe4 a6 18. Qb6+ Kd7 19. Nfg5 Qg6 20. Bf4 Be7 21. Rad1 Rhd8 22. Nxd6 Bxd6 23. Rxd6+ Qxd6 24. Qxd6+ Ke8 25. Re1# 1-0